000 00319nam a2200145Ia 4500
100 _aBradley/ J.C./ Millspaugh/ A.C.
942 _cBK
654 _aComputer
245 _aProg in V.B. 6.0
260 _bTata Mc Graw hill
_c1999
082 _a005.133'UB'
_bBRA
300 _a684
546 _aENGLISH
999 _c23410
_d23410